| 000 | 01114nam a22003257a 4500 | ||
|---|---|---|---|
| 001 | 9867 | ||
| 003 | FISKH | ||
| 005 | 20260424132849.0 | ||
| 008 | 260310b cb ||||| |||| 00| 0 eng d | ||
| 020 | _a9780462001111 | ||
| 040 |
_aFISKH _beng _cFISKH _dFISKH |
||
| 050 | _aPZ7.W584 W66 | ||
| 082 | _a813.6 | ||
| 100 | _aWhite, Jessica | ||
| 245 |
_aWombat’s stormy sea story / _cWritten by Jessica White ; Illustrated by Gary Young |
||
| 260 |
_aLondon : _bMarshall Cavendish, _c2008. |
||
| 300 |
_a16 pages : _bcolor illustrations ; _c19 cm |
||
| 490 |
_aMy Pals Are Here! Reading Stars : _vLevel 13a . |
||
| 505 | _aJ | ||
| 520 | _aA wombat goes sailing on the sea but suddenly faces a strong storm. The story shows how the wombat stays brave and safe during the adventure. | ||
| 521 | 8 |
_a450
_bLexile estimate |
|
| 521 | 8 |
_aJ
_bRaz-Plus |
|
| 650 |
_aWombats _vFiction |
||
| 650 |
_aSea adventures _vJuvenile fiction |
||
| 650 |
_aStorms _vFiction |
||
| 650 |
_aAnimals _vStories for children |
||
| 700 |
_aYoung, Gary _eillustrator |
||
| 942 |
_2ddc _cBK _n0 |
||
| 999 |
_c9867 _d9867 |
||